<Der> Problembezug von Entscheidungsmodellen

Saved in:
Bibliographic Details
Main Author: Bretzke, Wolf-Rüdiger
Format: Book
Language:German
Published: Tübingen Mohr 1980
Tags: Add Tag
No Tags, Be the first to tag this record!

MARC

LEADER 00000nam a2200000 4500
001 c130896
005 20041019155250.8
041 0 |a ger 
044 |a DE 
245 1 0 |a <Der> Problembezug von Entscheidungsmodellen  |c Wolf-Rüdiger Bretzke 
264 1 |a Tübingen  |b Mohr  |c 1980 
300 |a 280 s. 
100 1 |a Bretzke, Wolf-Rüdiger